Państwa świata kończące się na literę „N” - Statystyki

Ogólne statystyki
  • Ten quiz został rozwiązany 1 092 razy
  • Średni wynik to 13 z 21
Statystyki odpowiedzi
Państwo % Poprawnych
Tadżykistan
81%
Afganistan
80%
Pakistan
80%
Turkmenistan
80%
Kazachstan
79%
Uzbekistan
79%
Kirgistan
78%
Oman
71%
Iran
70%
Azerbejdżan
67%
Jemen
67%
Liban
59%
Sudan
57%
Bhutan
56%
Watykan
56%
Bahrajn
52%
Benin
51%
Tajwan
49%
Gabon
45%
Kamerun
45%
Liechtenstein
42%
Nie znaleziono quizów pasujących do podanych kryteriów
Rozkład punktacji
Procent ludzi z każdym wynikiem
Percentyl według liczby udzielonych odpowiedzi
Twoja historia wyników
Nie rozwiązałeś tego quizu